[Event "Seefeld-Casino op 19th"]
[Site "Seefeld/Tirol (5.9.-13.9)"]
[Date "2008.09.08"]
[Round "4.28"]
[White "Winter, Bernd(41)"]
[Black "Handl, Hans"]
[Result "1-0"]
[WhiteElo "1948"]
[BlackElo "1759"]
[PlyCount "107"]
[EventDate "2008.09.??"]
[EventType "swiss"]
[EventRounds "9"]
[Source "Ganslmayer"]
[SourceDate "2010.03.14"]
[WhiteTeam "München-Siemens SK"]
[BlackTeam "AUT/Hak-Innsbruck"]
[BlackTeamCountry "AUT"]

1. e4 e5 2. Nf3 Nf6 3. d4 exd4 4. e5 Qe7 5. Be2 Ng4 6. Qxd4 d6 7. exd6 Qxd6 8.
O-O Nc6 9. Qe4+ Be7 10. Bb5 O-O 11. Bxc6 bxc6 12. Bf4 Qc5 13. Nc3 Bf5 14. Qa4
Bd6 15. Bxd6 cxd6 16. Nd4 Bd7 17. h3 Ne5 18. Nb3 Qb6 19. Qh4 Ng6 20. Qg3 d5 21.
Rad1 a5 22. Na4 Qb5 23. Nac5 Bf5 24. a4 Qc4 25. c3 Qf4 26. Nd4 Qxg3 27. fxg3
Be4 28. Nxe4 dxe4 29. Nxc6 Rfc8 30. Rd6 h6 31. Rxg6 Kh7 32. Rg4 Rxc6 33. Rxf7
Rg6 34. Rxe4 Rxg3 35. Kf2 Rd3 36. Rg4 Rg8 37. Ke2 Rd5 38. Rb7 Re8+ 39. Kf2 Rf5+
40. Kg1 Rg8 41. Rb5 Rgf8 42. Rxf5 Rxf5 43. b4 h5 44. Re4 Rd5 45. b5 Kg6 46. Rd4
Rc5 47. c4 Kf6 48. Kf2 g5 49. Ke3 Re5+ 50. Re4 Rf5 51. b6 Rf1 52. c5 Kf5 53.
Rc4 Rb1 54. c6 1-0

[Event "Seefeld-Casino op 19th"]
[Site "Seefeld/Tirol (5.9.-13.9)"]
[Date "2008.09.08"]
[Round "4.29"]
[White "Grosse, Manfred"]
[Black "Dallmeier, Gerhard"]
[Result "1-0"]
[WhiteElo "1837"]
[BlackElo "1693"]
[PlyCount "101"]
[EventDate "2008.09.??"]
[EventType "swiss"]
[EventRounds "9"]
[Source "Ganslmayer"]
[SourceDate "2010.03.14"]
[BlackTeamCountry "AUT"]

1. d4 Nf6 2. c4 g6 3. Nc3 Bg7 4. Nf3 d6 5. e4 O-O 6. Be2 Nbd7 7. O-O e5 8. Qc2
c6 9. b4 a6 10. Rb1 b5 11. Rd1 Qe7 12. Bg5 h6 13. Bh4 g5 14. Bg3 Nh5 15. c5
Nxg3 16. hxg3 dxc5 17. dxc5 Nf6 18. Rd6 Bb7 19. Rbd1 Rfd8 20. Rxd8+ Rxd8 21.
Rxd8+ Qxd8 22. Nd1 Ne8 23. Ne3 Bc8 24. Qc3 f6 25. Bd1 Be6 26. a4 Nc7 27. Bb3
Kh7 28. Bxe6 Nxe6 29. axb5 axb5 30. Nf5 g4 31. N3h4 Nd4 32. Qa1 Ne6 33. Nd6 Bf8
34. Nhf5 Kg6 35. Qa7 Qc7 36. Qa8 Qd7 37. Qa2 h5 38. f3 Bh6 39. fxg4 hxg4 40.
Qa8 Bf8 41. Qa2 Bh6 42. Qe2 Kh5 43. Nxh6 Kxh6 44. Qxg4 Nf8 45. Nf5+ Kh7 46.
Qh4+ Kg6 47. Qh6+ Kf7 48. Qg7+ Ke6 49. Qxf8 Qd1+ 50. Kh2 Qh5+ 51. Nh4 1-0

[Event "Seefeld-Casino op 19th"]
[Site "Seefeld/Tirol (5.9.-13.9)"]
[Date "2008.09.08"]
[Round "4.30"]
[White "Platzgummer, Peter"]
[Black "Loew, Bernd"]
[Result "1-0"]
[WhiteElo "1960"]
[BlackElo "1498"]
[PlyCount "51"]
[EventDate "2008.09.??"]
[EventType "swiss"]
[EventRounds "9"]
[Source "Ganslmayer"]
[SourceDate "2010.03.14"]
[BlackTeamCountry "AUT"]

1. d4 b6 2. e4 Bb7 3. Bd3 Nf6 4. Qe2 e6 5. Nf3 a6 6. e5 Nd5 7. a3 c6 8. c4 Nc7
9. Nc3 b5 10. c5 a5 11. Ne4 Nba6 12. Bd2 Nd5 13. b3 b4 14. a4 h6 15. O-O Be7
16. Nd6+ Bxd6 17. exd6 Qf6 18. Ne5 O-O-O 19. Bxa6 Nf4 20. Bxf4 Qxf4 21. Bxb7+
Kxb7 22. Qe3 Qf5 23. Qd3 Qf6 24. Qf3 Rhf8 25. Rae1 Qg5 26. Nxf7 1-0

[Event "Seefeld-Casino op 19th"]
[Site "Seefeld/Tirol (5.9.-13.9)"]
[Date "2008.09.08"]
[Round "4.31"]
[White "Bangert, Ruediger"]
[Black "Fischer, Gerd(59)"]
[Result "0-1"]
[WhiteElo "1461"]
[BlackElo "1846"]
[PlyCount "86"]
[EventDate "2008.09.??"]
[EventType "swiss"]
[EventRounds "9"]
[Source "Ganslmayer"]
[SourceDate "2010.03.14"]
[BlackTeamCountry "AUT"]

1. Nf3 e6 2. c4 c6 3. Nc3 d5 4. cxd5 exd5 5. d4 Bd6 6. e3 Bg4 7. Be2 Nf6 8. Nd2
Bf5 9. a3 a5 10. O-O O-O 11. f4 Qe7 12. Nf3 Ne4 13. Ne5 f6 14. Nf3 Re8 15. Nh4
Bd7 16. Bg4 g6 17. Bxd7 Qxd7 18. Na2 Qe7 19. Nf3 b5 20. Nc3 Nxc3 21. bxc3 a4
22. Qe1 Nd7 23. Qg3 Nb6 24. Nh4 Qe4 25. Qe1 Bxf4 26. Rxf4 Qxf4 27. Ra2 Nc4 28.
g3 Qd6 29. Qf2 Re6 30. Qf3 Rae8 31. Qg4 Kf7 32. Ng2 Re4 33. Qh3 Kg7 34. Kf2 Qe7
35. Ra1 Na5 36. g4 Nb3 37. Rb1 Nxc1 38. Rxc1 Qxa3 39. Rf1 Qxc3 40. Qf3 Qa3 41.
Kg1 Qe7 42. h4 Rxe3 43. Nxe3 Qxe3+ 0-1

[Event "Seefeld-Casino op 19th"]
[Site "Seefeld/Tirol (5.9.-13.9)"]
[Date "2008.09.08"]
[Round "4.32"]
[White "Aab, Manfred"]
[Black "Gerhards, Walter"]
[Result "0-1"]
[WhiteElo "1532"]
[BlackElo "1849"]
[PlyCount "62"]
[EventDate "2008.09.??"]
[EventType "swiss"]
[EventRounds "9"]
[Source "Ganslmayer"]
[SourceDate "2010.03.14"]
[BlackTeamCountry "AUT"]

1. d4 Nf6 2. c4 e5 3. dxe5 Ng4 4. e4 Nxe5 5. f4 Nec6 6. Nf3 Bc5 7. Qe2 O-O 8.
Be3 Bxe3 9. Qxe3 f5 10. Nc3 d6 11. O-O-O fxe4 12. Qxe4 Nd7 13. g3 Nc5 14. Qe3
Bf5 15. Nd4 Nxd4 16. Qxd4 Qe8 17. h3 Ne4 18. Re1 Nxc3 19. Rxe8 Nxa2+ 20. Kd2
Raxe8 21. Bg2 c5 22. Qf2 Nb4 23. Bf1 Re7 24. g4 Be4 25. Rh2 Rfe8 26. Qh4 Nc6
27. Bd3 Nd4 28. Bxe4 Rxe4 29. Qg3 Ne2 30. Rxe2 Rxe2+ 31. Kc1 R2e4 0-1

[Event "Seefeld-Casino op 19th"]
[Site "Seefeld/Tirol (5.9.-13.9)"]
[Date "2008.09.08"]
[Round "4.33"]
[White "Breedveld-Schut, Carmen"]
[Black "Becker, Wolfgang(11.58)"]
[Result "0-1"]
[WhiteElo "1204"]
[BlackElo "1778"]
[PlyCount "56"]
[EventDate "2008.09.??"]
[EventType "swiss"]
[EventRounds "9"]
[Source "Ganslmayer"]
[SourceDate "2010.03.14"]
[BlackTeamCountry "AUT"]

1. d4 d5 2. Bf4 c5 3. e3 Nc6 4. Nf3 Bg4 5. Be2 e6 6. O-O Bd6 7. Bxd6 Qxd6 8. h3
Bh5 9. c4 Nf6 10. Nc3 O-O 11. Re1 a6 12. Qc2 Bxf3 13. Bxf3 cxd4 14. exd4 Nxd4
15. Qd1 Nxf3+ 16. Qxf3 dxc4 17. Qxb7 Rab8 18. Rad1 Qxd1 19. Rxd1 Rxb7 20. Na4
Rb4 21. b3 g6 22. Rc1 Rc8 23. g4 Nd5 24. Nb2 c3 25. Nd3 Rd4 26. Ne1 Nb4 27. a3
c2 28. Nf3 Rd1+ 0-1

[Event "Seefeld-Casino op 19th"]
[Site "Seefeld/Tirol (5.9.-13.9)"]
[Date "2008.09.08"]
[Round "4.34"]
[White "Schett, Franz"]
[Black "Bretscher, Robert"]
[Result "1-0"]
[WhiteElo "1621"]
[BlackElo "1546"]
[PlyCount "99"]
[EventDate "2008.09.??"]
[EventType "swiss"]
[EventRounds "9"]
[Source "Ganslmayer"]
[SourceDate "2010.03.14"]
[BlackTeamCountry "AUT"]

1. e4 e5 2. Nf3 Nc6 3. Nc3 Nf6 4. d4 exd4 5. Nxd4 d6 6. Be2 Bd7 7. O-O Be7 8.
f4 O-O 9. Be3 Re8 10. a3 Bf8 11. Bf3 Qc8 12. h3 a6 13. g4 g6 14. Kh2 h6 15. Rg1
Bg7 16. Qd3 Nh7 17. Nd5 Qd8 18. Rae1 Rc8 19. c3 Qh4 20. Ref1 Qd8 21. Bf2 Ne7
22. Nxe7+ Qxe7 23. Re1 Qf6 24. Bg3 Qd8 25. Bg2 Re7 26. Nf3 Qf8 27. f5 g5 28. e5
dxe5 29. Nxe5 Bb5 30. c4 Rd8 31. Qb3 Bxe5 32. Bxe5 Bc6 33. Bxc6 bxc6 34. f6
Rd2+ 35. Rg2 Rxg2+ 36. Kxg2 Nxf6 37. Qc3 Ne8 38. c5 Re6 39. Qf3 Ng7 40. Bxg7
Qe8 41. Rxe6 Qxe6 42. Qc3 Qd7 43. Qd4 Qe6 44. Be5 Qe7 45. Kf3 Kh7 46. Bf6 Qe6
47. Qd3+ Kg8 48. Qd8+ Kh7 49. Qh8+ Kg6 50. Qg7# 1-0

[Event "Seefeld-Casino op 19th"]
[Site "Seefeld/Tirol (5.9.-13.9)"]
[Date "2008.09.08"]
[Round "4.35"]
[White "Duric, Rajko"]
[Black "Egger, Herbert"]
[Result "1-0"]
[WhiteElo "1694"]
[BlackElo "1698"]
[PlyCount "87"]
[EventDate "2008.09.??"]
[EventType "swiss"]
[EventRounds "9"]
[Source "Ganslmayer"]
[SourceDate "2010.03.14"]
[BlackTeamCountry "AUT"]

1. e4 e5 2. Nf3 Nc6 3. Bc4 Be7 4. Nc3 Nf6 5. d4 exd4 6. Nxd4 Nxd4 7. Qxd4 c5 8.
Qd3 O-O 9. Nd5 Nxd5 10. Bxd5 d6 11. O-O Rb8 12. Bf4 Qc7 13. c4 Bd7 14. Qg3 Be6
15. e5 Rbd8 16. Rfd1 Bxd5 17. Rxd5 Qb6 18. Bh6 g6 19. Bxf8 Bxf8 20. b3 Bg7 21.
f4 f5 22. Rad1 Bf8 23. Qg5 Bg7 24. Rxd6 Rxd6 25. Rxd6 Qa5 26. Qd8+ Qxd8 27.
Rxd8+ Bf8 28. Rd7 Bh6 29. e6 Bxf4 30. Rxb7 Kf8 31. Rxh7 Be3+ 32. Kf1 f4 33.
Rxa7 g5 34. h3 Bd4 35. Ke2 Bf6 36. Kf3 Be7 37. Kg4 Bd8 38. Kf5 Be7 39. Kg6 Ke8
40. Kg7 Bd8 41. Ra8 Ke7 42. Rxd8 Kxe6 43. Rd5 Ke7 44. a4 1-0

[Event "Seefeld-Casino op 19th"]
[Site "Seefeld/Tirol (5.9.-13.9)"]
[Date "2008.09.08"]
[Round "4.36"]
[White "Kliem, Klaus-Peter"]
[Black "Abraham, Helmut"]
[Result "1-0"]
[WhiteElo "1662"]
[BlackElo "1352"]
[PlyCount "57"]
[EventDate "2008.09.??"]
[EventType "swiss"]
[EventRounds "9"]
[Source "Ganslmayer"]
[SourceDate "2010.03.14"]
[BlackTeamCountry "AUT"]

1. d4 Nf6 2. Nf3 g6 3. c4 d5 4. Nc3 Bg7 5. cxd5 Nxd5 6. e4 Nxc3 7. bxc3 O-O 8.
Bc4 c5 9. O-O Bg4 10. Be3 Bxf3 11. gxf3 Nc6 12. e5 e6 13. f4 Na5 14. Bd3 cxd4
15. cxd4 Nc6 16. Be4 Rc8 17. d5 Nxe5 18. fxe5 Qh4 19. f4 Bxe5 20. fxe5 Qxe4 21.
Bh6 Rfd8 22. Rf4 Qxe5 23. Qf1 Rxd5 24. Rxf7 Qd4+ 25. Kh1 Rf5 26. Rxf5 exf5 27.
Rd1 Qe4+ 28. Kg1 Qc2 29. Rc1 1-0

[Event "Seefeld-Casino op 19th"]
[Site "Seefeld/Tirol (5.9.-13.9)"]
[Date "2008.09.08"]
[Round "4.37"]
[White "Rudolph, Joachim"]
[Black "Aufmwasser, Guenter"]
[Result "1/2-1/2"]
[WhiteElo "1578"]
[BlackElo "1553"]
[PlyCount "36"]
[EventDate "2008.09.??"]
[EventType "swiss"]
[EventRounds "9"]
[Source "Ganslmayer"]
[SourceDate "2010.03.14"]
[BlackTeamCountry "AUT"]

1. d4 Nf6 2. Nf3 g6 3. g3 Bg7 4. Bg2 O-O 5. O-O c6 6. c3 Na6 7. Nbd2 Nc7 8. Nb3
Ne6 9. Qc2 d5 10. Ng5 Nxg5 11. Bxg5 Ne8 12. Rfe1 f5 13. Nc5 Nd6 14. f3 Nf7 15.
Bf4 g5 16. Bd2 e5 17. dxe5 Nxe5 18. Nd3 Nc4 1/2-1/2

[Event "Seefeld-Casino op 19th"]
[Site "Seefeld/Tirol (5.9.-13.9)"]
[Date "2008.09.08"]
[Round "4.38"]
[White "Michel, Jan"]
[Black "Verwer, Renzo"]
[Result "1-0"]
[WhiteElo "1481"]
[BlackElo "1522"]
[PlyCount "93"]
[EventDate "2008.09.??"]
[EventType "swiss"]
[EventRounds "9"]
[Source "Ganslmayer"]
[SourceDate "2010.03.14"]
[BlackTeamCountry "AUT"]

1. e4 c5 2. Nf3 Nf6 3. e5 Nd5 4. Be2 Nc6 5. d3 Qc7 6. c4 Nb6 7. Bf4 g6 8. Qd2
d6 9. exd6 exd6 10. O-O Bf5 11. Qe3+ Be7 12. Nc3 O-O-O 13. a4 a6 14. a5 Nd7 15.
Nd5 Qb8 16. Qd2 f6 17. Bd1 Nde5 18. Nb6+ Kc7 19. d4 Nd3 20. dxc5 Nxc5 21. Re1
Ne4 22. Qc1 g5 23. Be3 Nb4 24. Ba4 Be6 25. Nd5+ Bxd5 26. cxd5+ Nc5 27. Bxc5
dxc5 28. Rxe7+ Kd6 29. Qe3 Qc8 30. Re6+ Kc7 31. Qxc5+ Kb8 32. Qxb4 Rxd5 33.
Ree1 g4 34. Nd4 Qc7 35. Re7 Rxd4 36. Qe1 Qf4 37. Re8+ Rxe8 38. Qxe8+ Kc7 39.
Qe7+ Kc8 40. Qc5+ Kb8 41. Re1 Rd8 42. Qe7 Rc8 43. Bd7 Rc2 44. Qd8+ Ka7 45. Qb6+
Kb8 46. Re8+ Rc8 47. Rxc8# 1-0

[Event "Seefeld-Casino op 19th"]
[Site "Seefeld/Tirol (5.9.-13.9)"]
[Date "2008.09.08"]
[Round "4.39"]
[White "Lettenbichler, Marco"]
[Black "Senn, Othmar"]
[Result "1/2-1/2"]
[WhiteElo "1508"]
[BlackElo "1653"]
[PlyCount "99"]
[EventDate "2008.09.??"]
[EventType "swiss"]
[EventRounds "9"]
[Source "Ganslmayer"]
[SourceDate "2010.03.14"]
[BlackTeamCountry "AUT"]

1. e4 d5 2. exd5 Nf6 3. Nf3 Nxd5 4. Bc4 Bg4 5. d3 e6 6. Qe2 c6 7. Bd2 Bc5 8.
Nc3 O-O 9. O-O Qc7 10. Qe4 Bxf3 11. Qxf3 Nd7 12. Nxd5 cxd5 13. Bb3 Bd6 14. g3
Ne5 15. Qe2 Ng6 16. h4 Bxg3 17. fxg3 Qxg3+ 18. Qg2 Qxh4 19. Qf2 Qg4+ 20. Kh1
Qh4+ 21. Qxh4 Nxh4 22. Rf2 g6 23. Raf1 Nf5 24. Rg1 a5 25. Bxd5 Ng3+ 26. Rxg3
exd5 27. Rgf3 f5 28. Re3 b6 29. Rfe2 d4 30. Re6 b5 31. Rd6 Rfe8 32. Ree6 Rxe6
33. Rxe6 Kf7 34. Re2 a4 35. Bg5 Rc8 36. a3 Re8 37. Rxe8 Kxe8 38. Bf6 h5 39.
Bxd4 f4 40. Bf6 Kf7 41. Bh4 Ke6 42. Kg2 Kf5 43. Kf3 g5 44. Be1 h4 45. c4 g4+
46. Kg2 h3+ 47. Kh2 bxc4 48. dxc4 Ke4 49. c5 Kd5 50. Bb4 1/2-1/2

[Event "Seefeld-Casino op 19th"]
[Site "Seefeld/Tirol (5.9.-13.9)"]
[Date "2008.09.09"]
[Round "5.2"]
[White "Kesik, Klaus-Dieter"]
[Black "Mueller, Ralf(03.69)"]
[Result "0-1"]
[WhiteElo "2185"]
[BlackElo "2374"]
[PlyCount "30"]
[EventDate "2008.09.??"]
[EventType "swiss"]
[EventRounds "9"]
[Source "Ganslmayer"]
[SourceDate "2010.03.14"]

1. d4 Nf6 2. Bg5 c5 3. Bxf6 gxf6 4. c3 Qb6 5. Qd2 d6 6. e3 Bf5 7. Ne2 Nc6 8.
Na3 cxd4 9. cxd4 d5 10. Nc3 e6 11. Bd3 Bxd3 12. Qxd3 Qxb2 13. Nc2 Bb4 14. O-O
Qxc3 15. Nxb4 Qxb4 0-1

[Event "Seefeld-Casino op 19th"]
[Site "Seefeld/Tirol (5.9.-13.9)"]
[Date "2008.09.09"]
[Round "5.3"]
[White "Goy, Udo"]
[Black "Bronznik, Valeri"]
[Result "1/2-1/2"]
[WhiteElo "2143"]
[BlackElo "2306"]
[PlyCount "34"]
[EventDate "2008.09.??"]
[EventType "swiss"]
[EventRounds "9"]
[Source "Ganslmayer"]
[SourceDate "2010.03.14"]

1. d4 Nf6 2. c4 e6 3. Nf3 c5 4. e3 d5 5. Nc3 a6 6. Bd3 dxc4 7. Bxc4 Qc7 8. Qe2
Nc6 9. O-O Bd6 10. Rd1 O-O 11. dxc5 Bxc5 12. h3 b5 13. Bd3 Bb7 14. a3 Rad8 15.
b4 Ba7 16. Bb2 Bb8 17. Rac1 Qe7 1/2-1/2

[Event "Seefeld-Casino op 19th"]
[Site "Seefeld/Tirol (5.9.-13.9)"]
[Date "2008.09.09"]
[Round "5.4"]
[White "Gatterer, Florian"]
[Black "Platzgummer, Fabian"]
[Result "1/2-1/2"]
[WhiteElo "2228"]
[BlackElo "2262"]
[PlyCount "44"]
[EventDate "2008.09.??"]
[EventType "swiss"]
[EventRounds "9"]
[Source "Ganslmayer"]
[SourceDate "2010.03.14"]

1. c4 Nf6 2. g3 c6 3. Nf3 d5 4. b3 Bg4 5. Bg2 Nbd7 6. Bb2 e6 7. O-O Bd6 8. d3
O-O 9. Nbd2 a5 10. Qc2 Qe7 11. a3 h6 12. e4 dxe4 13. dxe4 e5 14. h3 Be6 15. Bc3
b5 16. cxb5 cxb5 17. Qb2 Bxa3 18. Rxa3 b4 19. Bxb4 Qxb4 20. Rfa1 Rfc8 21. Ra4
Qc5 22. b4 Rab8 1/2-1/2

[Event "Seefeld-Casino op 19th"]
[Site "Seefeld/Tirol (5.9.-13.9)"]
[Date "2008.09.09"]
[Round "5.5"]
[White "Breedveld, Andre"]
[Black "Herbold, Manfred"]
[Result "1/2-1/2"]
[WhiteElo "2139"]
[BlackElo "2115"]
[PlyCount "66"]
[EventDate "2008.09.??"]
[EventType "swiss"]
[EventRounds "9"]
[Source "Ganslmayer"]
[SourceDate "2010.03.14"]
[WhiteTeam "NED/Zaandam"]
[BlackTeam "Ludwigshafen Schachhaus"]
[WhiteTeamCountry "NED"]

1. d4 d5 2. Bf4 Bg4 3. c3 e6 4. Qb3 Qc8 5. e3 Bd6 6. Bg3 Ne7 7. f3 Bh5 8. Ne2
Bg6 9. Bxd6 cxd6 10. Nf4 Nbc6 11. Nd2 O-O 12. h4 e5 13. Nxd5 Nxd5 14. Qxd5 exd4
15. exd4 Ne7 16. Qb3 Nf5 17. Kf2 Qd8 18. g4 Nxh4 19. Qd5 Re8 20. Bb5 Re6 21.
Rae1 Qe7 22. Bc4 Re8 23. Rxe6 fxe6 24. Qxe6+ Qxe6 25. Bxe6+ Rxe6 26. Rxh4 Bd3
27. Rh2 g5 28. Nb3 Kg7 29. Nc1 Ba6 30. Rh1 Rf6 31. Re1 Kf7 32. Ne2 Rh6 33. Kg2
Re6 1/2-1/2

[Event "Seefeld-Casino op 19th"]
[Site "Seefeld/Tirol (5.9.-13.9)"]
[Date "2008.09.09"]
[Round "5.6"]
[White "Lang, Ferdinand(49)"]
[Black "Vrban, Damir"]
[Result "1/2-1/2"]
[WhiteElo "1968"]
[BlackElo "2207"]
[PlyCount "20"]
[EventDate "2008.09.??"]
[EventType "swiss"]
[EventRounds "9"]
[Source "Ganslmayer"]
[SourceDate "2010.03.14"]
[WhiteTeamCountry "NED"]

1. e4 Nf6 2. Nc3 d5 3. exd5 Nxd5 4. Bc4 c6 5. Nge2 g6 6. Ne4 Bg7 7. O-O O-O 8.
d4 Nd7 9. Bb3 N7f6 10. Nc5 Nc7 1/2-1/2

[Event "Seefeld-Casino op 19th"]
[Site "Seefeld/Tirol (5.9.-13.9)"]
[Date "2008.09.09"]
[Round "5.7"]
[White "Kaye, Ferdinand"]
[Black "Allgaier, Erik"]
[Result "1/2-1/2"]
[WhiteElo "2042"]
[BlackElo "2135"]
[PlyCount "124"]
[EventDate "2008.09.??"]
[EventType "swiss"]
[EventRounds "9"]
[Source "Ganslmayer"]
[SourceDate "2010.03.14"]
[WhiteTeamCountry "NED"]

1. Nf3 g6 2. d4 d6 3. g3 Bg7 4. Bg2 c5 5. O-O cxd4 6. Nxd4 Qb6 7. Nb3 Bd7 8.
Nc3 Nf6 9. Bg5 Bc6 10. e4 Nbd7 11. Be3 Qd8 12. Nd4 O-O 13. h3 Ne5 14. Nxc6 bxc6
15. Qe2 Qc7 16. Rad1 Qb7 17. b3 Qb4 18. Bd2 Qb6 19. Kh2 Rad8 20. f4 Ned7 21. g4
h6 22. Kh1 Qc5 23. Qd3 Qb6 24. Na4 Qc7 25. c4 Nh7 26. Bc3 g5 27. Bxg7 Kxg7 28.
Qc3+ f6 29. e5 fxe5 30. fxe5 Rxf1+ 31. Rxf1 Nxe5 32. Re1 Nf6 33. c5 Nf7 34.
cxd6 exd6 35. Qxc6 Qxc6 36. Bxc6 Ne5 37. Bg2 h5 38. gxh5 Nxh5 39. Nc3 Nf4 40.
Nd5 Nfd3 41. Rf1 Rh8 42. Kg1 Rc8 43. Ne7 Rc2 44. Nf5+ Kg6 45. Nxd6 Rxa2 46.
Be4+ Kh5 47. Rf8 Kh4 48. Bxd3 Nxd3 49. Rf3 Ra1+ 50. Kh2 Ra2+ 51. Kg1 Nf4 52.
Nf5+ Kh5 53. Ng3+ Kg6 54. Ne4 Kf5 55. Nf2 a5 56. Kh2 Ra1 57. Rc3 Ra3 58. Rg3
Nh5 59. Rf3+ Kg6 60. Kg2 Nf4+ 61. Kg3 Ne2+ 62. Kg2 Nd4 1/2-1/2

[Event "Seefeld-Casino op 19th"]
[Site "Seefeld/Tirol (5.9.-13.9)"]
[Date "2008.09.09"]
[Round "5.8"]
[White "Jandke, Manfred"]
[Black "Jolowicz, Matias Dr"]
[Result "1-0"]
[WhiteElo "2119"]
[BlackElo "2027"]
[PlyCount "51"]
[EventDate "2008.09.??"]
[EventType "swiss"]
[EventRounds "9"]
[Source "Ganslmayer"]
[SourceDate "2010.03.14"]
[WhiteTeamCountry "NED"]

1. Nf3 g6 2. d4 Nf6 3. c4 Bg7 4. g3 O-O 5. Bg2 d6 6. O-O Nc6 7. Nc3 a6 8. h3
Rb8 9. Qd3 b5 10. Nd2 Bd7 11. a3 e5 12. d5 e4 13. Qe3 Ne5 14. cxb5 axb5 15.
Ndxe4 Re8 16. Qd2 Nc4 17. Nxf6+ Qxf6 18. Qc2 Qe7 19. e4 b4 20. axb4 Rxb4 21.
Ra7 Reb8 22. Na2 Rxb2 23. Bxb2 Rxb2 24. Ra8+ Bf8 25. Qxc4 Qf6 26. Qc3 1-0

[Event "Seefeld-Casino op 19th"]
[Site "Seefeld/Tirol (5.9.-13.9)"]
[Date "2008.09.09"]
[Round "5.9"]
[White "Quinn, John M."]
[Black "Willin, Bernhard"]
[Result "1-0"]
[WhiteElo "2150"]
[BlackElo "1749"]
[PlyCount "67"]
[EventDate "2008.09.??"]
[EventType "swiss"]
[EventRounds "9"]
[Source "Ganslmayer"]
[SourceDate "2010.03.14"]
[WhiteTeam "ENG/Ealing"]
[BlackTeam "SUI/Grenzach"]
[WhiteTeamCountry "ENG"]
[BlackTeamCountry "SUI"]

1. d4 d5 2. c4 c6 3. Nf3 Bf5 4. cxd5 cxd5 5. Qb3 Bc8 6. Nc3 e6 7. Bf4 a6 8. Rc1
Bd6 9. Bxd6 Qxd6 10. Nxd5 Nc6 11. Nb6 Rb8 12. e3 Nge7 13. Rc5 O-O 14. Bd3 Rd8
15. O-O Bd7 16. Rfc1 Be8 17. Bb1 f6 18. a3 Bf7 19. Ba2 Rf8 20. Nd2 Rbd8 21.
Ndc4 Qb8 22. Qc3 Nf5 23. Na5 Nfe7 24. b4 Rd6 25. Nxc6 Nxc6 26. Nc4 Rd7 27. Nd2
Rfd8 28. Nf3 Kf8 29. h4 e5 30. Bxf7 exd4 31. exd4 Nxd4 32. Nxd4 Rxd4 33. Bh5
Rxh4 34. g3 1-0

[Event "Seefeld-Casino op 19th"]
[Site "Seefeld/Tirol (5.9.-13.9)"]
[Date "2008.09.09"]
[Round "5.10"]
[White "Thoeny, Hermann"]
[Black "Meertens, Martin"]
[Result "0-1"]
[WhiteElo "1920"]
[BlackElo "2059"]
[PlyCount "120"]
[EventDate "2008.09.??"]
[EventType "swiss"]
[EventRounds "9"]
[Source "Ganslmayer"]
[SourceDate "2010.03.14"]
[WhiteTeamCountry "ENG"]
[BlackTeamCountry "SUI"]

1. d4 Nf6 2. Nf3 g6 3. c4 Bg7 4. Nc3 O-O 5. g3 d6 6. Bg2 Nc6 7. O-O a6 8. h3
Rb8 9. e4 b5 10. cxb5 axb5 11. e5 Ne8 12. Bf4 Na5 13. Rc1 h6 14. b3 c6 15. Re1
f5 16. h4 b4 17. Na4 Ba6 18. Qd2 Kh7 19. Nh2 Qd7 20. Qc2 Bb5 21. Nb2 Nc7 22.
Bd2 Na6 23. Nf3 Rbc8 24. Bh3 c5 25. Qb1 Qb7 26. Bg2 Bc6 27. Qd3 cxd4 28. exd6
exd6 29. h5 Nc5 30. hxg6+ Kh8 31. Rxc5 dxc5 32. Nh4 Bxg2 33. Nxg2 Qc6 34. Nf4
Rce8 35. Rxe8 Qxe8 36. Qa6 Nc6 37. Nbd3 Ne5 38. Nxe5 Qxe5 39. Qa7 Qd6 40. Qb7
Rd8 41. Qa7 Qc6 42. Qf7 Rf8 43. Qe7 Re8 44. Qf7 Rf8 45. Qe7 Rg8 46. Qf7 Qe8 47.
Qxf5 Qe5 48. Qd7 Qe4 49. Ne6 Qxg6 50. Nxc5 Qb1+ 51. Kg2 Qxa2 52. Bxh6 Qa8+ 53.
Kg1 Qa1+ 54. Kg2 Bxh6 55. Qh3 Qa8+ 56. Kg1 Qc6 57. Ne6 Rg6 58. Nxd4 Qd5 59. Nf5
Rc6 60. Kh2 Qf3 0-1

[Event "Seefeld-Casino op 19th"]
[Site "Seefeld/Tirol (5.9.-13.9)"]
[Date "2008.09.09"]
[Round "5.11"]
[White "Jaenig, Reinhard"]
[Black "Ranker, Klemens"]
[Result "1-0"]
[WhiteElo "2110"]
[BlackElo "1862"]
[PlyCount "83"]
[EventDate "2008.09.??"]
[EventType "swiss"]
[EventRounds "9"]
[Source "Ganslmayer"]
[SourceDate "2010.03.14"]
[WhiteTeamCountry "ENG"]
[BlackTeamCountry "SUI"]

1. e4 c5 2. Nf3 Nc6 3. d4 cxd4 4. Nxd4 d6 5. Nc3 g6 6. Be3 Bg7 7. Qd2 Bd7 8.
Bc4 Nf6 9. f3 Na5 10. Bb3 Rc8 11. O-O-O Nc4 12. Bxc4 Rxc4 13. Kb1 Qa5 14. Nb3
Qc7 15. g4 O-O 16. e5 Ne8 17. Nd5 Qd8 18. Na5 Ra4 19. Nxb7 Qb8 20. Nc5 dxc5 21.
Nxe7+ Kh8 22. Qxd7 Qxe5 23. Bc1 Rb4 24. c3 Qxc3 25. Rd2 Qxf3 26. Re1 Nf6 27.
Qxa7 Ne4 28. Rc2 Qd3 29. Rxe4 Rxe4 30. Qxc5 Re8 31. Qd5 Qxd5 32. Nxd5 Rxg4 33.
a3 Rb8 34. Ka2 Rd4 35. Nb4 Ra8 36. Nc6 Re4 37. b4 Rc8 38. b5 Re6 39. a4 Be5 40.
Kb3 f5 41. Nxe5 Rxc2 42. Kxc2 1-0

[Event "Seefeld-Casino op 19th"]
[Site "Seefeld/Tirol (5.9.-13.9)"]
[Date "2008.09.09"]
[Round "5.12"]
[White "Opitz, Christian"]
[Black "Santl, Anton"]
[Result "1/2-1/2"]
[WhiteElo "1939"]
[BlackElo "2026"]
[PlyCount "85"]
[EventDate "2008.09.??"]
[EventType "swiss"]
[EventRounds "9"]
[Source "Ganslmayer"]
[SourceDate "2010.03.14"]
[WhiteTeamCountry "ENG"]
[BlackTeamCountry "SUI"]

1. e4 c5 2. Nf3 Nc6 3. d4 cxd4 4. Nxd4 Nf6 5. Nc3 d6 6. Be2 e5 7. Nb3 Be7 8.
Be3 Be6 9. f3 O-O 10. O-O a5 11. Qd2 a4 12. Nc1 Qa5 13. a3 d5 14. exd5 Nxd5 15.
Nxd5 Qxd5 16. Qxd5 Bxd5 17. Rd1 Be6 18. Bb6 Nd4 19. Bxd4 exd4 20. Bd3 Rfd8 21.
Ne2 g6 22. Re1 Bg5 23. f4 Bh6 24. h3 Bg7 25. Ng3 Ra5 26. Re2 h5 27. f5 gxf5 28.
Nxh5 Bh6 29. g3 Rd6 30. Nf4 Bxf4 31. gxf4 Rb6 32. Rg2+ Kf8 33. Rg5 Ra8 34. Kf2
Ke7 35. Re1 Kf6 36. Re5 Rxb2 37. Bxf5 d3 38. Bxd3 Ra2 39. Rh5 Rxa3 40. Rh6+ Kg7
41. Rh7+ Kf6 42. Rh6+ Kg7 43. Rh7+ 1/2-1/2

[Event "Seefeld-Casino op 19th"]
[Site "Seefeld/Tirol (5.9.-13.9)"]
[Date "2008.09.09"]
[Round "5.13"]
[White "Dalnodar, Bernhard"]
[Black "Gatterer, Matthias"]
[Result "1/2-1/2"]
[WhiteElo "1989"]
[BlackElo "2081"]
[PlyCount "54"]
[EventDate "2008.09.??"]
[EventType "swiss"]
[EventRounds "9"]
[Source "Ganslmayer"]
[SourceDate "2010.03.14"]
[WhiteTeam "AUT/Landeck"]
[BlackTeam "ITA/Ehrenburg SK"]
[WhiteTeamCountry "AUT"]
[BlackTeamCountry "ITA"]

1. Nf3 Nf6 2. g3 d5 3. Bg2 c6 4. d3 Bf5 5. O-O h6 6. Nbd2 e6 7. c4 Be7 8. b3
O-O 9. Bb2 a5 10. a3 Nbd7 11. h3 Bh7 12. Ne5 Nxe5 13. Bxe5 b5 14. cxb5 cxb5 15.
f4 Qb6+ 16. Kh2 Rac8 17. Nf3 Qc5 18. a4 Nd7 19. Qd2 Qb6 20. Bc3 b4 21. Bd4 Bc5
22. Qb2 Bxd4 23. Nxd4 Rc5 24. Rac1 Rfc8 25. Rxc5 Qxc5 26. Rd1 Qc3 27. Rd2 Qxb2
1/2-1/2